000 00319nam a2200133Ia 4500
008 100328s9999 xx 000 0 und d
082 _b11111
100 _aसोमण द.चि.
245 _aगुंजा
260 _bपराग
630 _aगुंजा
730 _aगुंजा
942 _cBOOK
999 _c506446
_d506443